Normal view
MARC view
- Nausheen Akhtar
Entry Personal Name
001 - CONTROL NUMBER
- control field: 93281
003 - CONTROL NUMBER IDENTIFIER
- control field: NUST
005 - DATE AND TIME OF LATEST TRANSACTION
- control field: 20220706141641.0
008 - FIXED-LENGTH DATA ELEMENTS
- fixed length control field: 220706|| aca||aabn | a|a d
040 ## - CATALOGING SOURCE
- Original cataloging agency: NUST
- Transcribing agency: NUST
100 ## - HEADING--PERSONAL NAME
- Personal name: Nausheen Akhtar
670 ## - SOURCE DATA FOUND
- Source citation: Work cat.: (NUST)9375: Nausheen Akhtar, Click Away Online Shopping Using Trends Analysis [Project BIT4], 2006.
